00738nam a22001817a 4500003000400000005001700004008004100021040001400062100003100076245013400107260001000241300003200251500011000283504002700393942001600420999001500436952010500451OSt20171010095448.0120621t xxu||||| |||| 00| 0 eng d aMMSUcULS aBatuyong, Daisy S. 910541 aDevelopment of a portable standby generator used for small electrical load driven by gasoline engine scooter cDaisy S. Batuyong  c2007  aviii, [50] leaves c28 cm.  aThesis (BS Electrical Engineering) -- Mariano Marcos State University-College of Engineering, Batac City  aBibliography: leaf 36  2ddccTHEDIS c9580d9580 00102lcc4070aREFbREFd2012-06-21l0p3413-Un r2017-10-10w2017-10-10yTHEDISzLibrary Use only